[Event "Hamar Ridabu School-ch B"]
[Site "Hamar"]
[Date "2016.03.17"]
[Round "6"]
[White "Kanstad, Jan Magnus"]
[Black "Orsleie, Sivert Nikolai"]
[Result "1-0"]
[WhiteElo "1413"]
[BlackElo "1306"]
[PlyCount "54"]
[EventDate "2016.01.07"]
[EventType "swiss"]
[EventRounds "9"]
[EventCountry "NOR"]
[SourceTitle "EXT 2024"]
[Source "ChessBase"]
[SourceDate "2023.10.10"]
[SourceVersion "1"]
[SourceVersionDate "2023.10.10"]
[SourceQuality "1"]

1. d4 d5 2. Nf3 Nf6 3. c4 c6 4. Nc3 dxc4 5. a4 Bf5 6. e3 e6 7. Bxc4 Bb4 8. 0-0 0-0 9. Nh4 Ne4 10. Nxf5 exf5 11. Qc2 Nd6 12. Bd3 Qf6 13. Na2 Ba5 14. b4 Bc7 15. Bb2 Re8 16. b5 Qh4 17. g3 Qg4 18. Be2 Qe4 19. Qd2 cxb5 20. Nc3 Qe6 21. Nxb5 Nxb5 22. Bxb5 Re7 23. d5 Qb6 24. Bd4 Qd6 25. Bc3 Qb6 26. Bb4 Re4 27. d6 Bd8 1-0

[Event "Hamar op"]
[Site "Hamar"]
[Date "2013.11.21"]
[Round "6"]
[White "Reigstad, Erlend"]
[Black "Kanstad, Jan Magnus"]
[Result "1/2-1/2"]
[WhiteElo "844"]
[BlackElo "1332"]
[PlyCount "34"]
[EventDate "2013.08.29"]
[EventType "swiss"]
[EventRounds "7"]
[EventCountry "NOR"]
[SourceTitle "EXT 2024"]
[Source "ChessBase"]
[SourceDate "2023.10.10"]
[SourceVersion "1"]
[SourceVersionDate "2023.10.10"]
[SourceQuality "1"]

1. e4 c5 2. Nf3 Nc6 3. Bc4 d6 4. d3 Bg4 5. h3 Bh5 6. c3 a6 7. a4 Ne5 8. Nxe5 Bg6 9. Nxg6 hxg6 10. Qb3 e6 11. Qxb7 Be7 12. Bxa6 Nf6 13. Bb5+ Kf8 14. 0-0 Rb8 15. Qc6 Rc8 16. Qb7 Rb8 17. Qa7 Ra8 1/2-1/2

[Event "Hamar CC-ch"]
[Site "Hamar"]
[Date "2013.03.07"]
[Round "5"]
[White "Kanstad, Jan Magnus"]
[Black "Wago, Anders"]
[Result "0-1"]
[WhiteElo "1250"]
[BlackElo "1679"]
[PlyCount "82"]
[EventDate "2013.01.03"]
[EventType "swiss"]
[EventRounds "9"]
[EventCountry "NOR"]
[SourceTitle "EXT 2024"]
[Source "ChessBase"]
[SourceDate "2023.10.10"]
[SourceVersion "1"]
[SourceVersionDate "2023.10.10"]
[SourceQuality "1"]

1. d4 d5 2. c4 c6 3. Nc3 Nf6 4. Nf3 e6 5. Bg5 dxc4 6. a4 Bb4 7. Qc2 Qa5 8. Bxf6 gxf6 9. e4 b5 10. Be2 a6 11. 0-0 Qb6 12. Qd2 Nd7 13. Qf4 Bb7 14. axb5 cxb5 15. Rfd1 Bd6 16. Qe3 h5 17. e5 fxe5 18. Ne4 Be7 19. Rac1 exd4 20. Qf4 d3 21. Bxd3 cxd3 22. Rxd3 Bd5 23. Rdc3 Rd8 24. Neg5 f6 25. Nh3 Qd6 26. Qe3 Ne5 27. Nxe5 Qxe5 28. Nf4 Qxe3 29. Rxe3 Kf7 30. Rc7 e5 31. Nd3 Rc8 32. Ra7 Bc4 33. Ne1 Ra8 34. Rc7 Rhc8 35. Rd7 Be6 36. Rd1 a5 37. Nf3 b4 38. Nh4 a4 39. Rde1 a3 40. bxa3 bxa3 41. Kh1 a2 0-1

[Event "Hamar CC-ch"]
[Site "Hamar"]
[Date "2013.01.17"]
[Round "2"]
[White "Kanstad, Jan Magnus"]
[Black "Ormasen, Odd Steinar"]
[Result "1/2-1/2"]
[WhiteElo "1250"]
[BlackElo "1705"]
[PlyCount "80"]
[EventDate "2013.01.03"]
[EventType "swiss"]
[EventRounds "9"]
[EventCountry "NOR"]
[SourceTitle "EXT 2024"]
[Source "ChessBase"]
[SourceDate "2023.10.10"]
[SourceVersion "1"]
[SourceVersionDate "2023.10.10"]
[SourceQuality "1"]

1. d4 Nf6 2. Nf3 d5 3. c4 e6 4. Nc3 c6 5. Bg5 Be7 6. e3 h6 7. Bh4 Nbd7 8. Qc2 0-0 9. Bd3 dxc4 10. Bxc4 Nd5 11. Bg3 b5 12. Bb3 a5 13. a3 Ba6 14. Ne2 b4 15. 0-0 a4 16. Bc4 Qb6 17. Bxa6 Qxa6 18. Nf4 Rfc8 19. Nd3 c5 20. dxc5 Nxc5 21. Nxc5 Rxc5 22. Qe4 bxa3 23. bxa3 Nc3 24. Qb4 Rac8 25. Kh1 Bf6 26. Rac1 Qc6 27. Nd4 Qd5 28. Rc2 Rc4 29. Qb6 Be7 30. Ra1 Bc5 31. Qb2 Bxd4 32. exd4 Nb5 33. Rxc4 Rxc4 34. Rd1 Rxd4 35. Rxd4 Nxd4 36. h3 e5 37. Qb8+ Kh7 38. Qxe5 Qxe5 39. Bxe5 Nb5 40. Bb2 g6 1/2-1/2